[Event "GER-chT WK U18 4th"]
[Site "Kiel"]
[Date "2008.06.01"]
[Round "4.2"]
[White "Briese, Annika"]
[Black "Blankenfeld, Malte"]
[Result "0-1"]
[WhiteElo "1311"]
[BlackElo "1456"]
[PlyCount "60"]
[EventDate "2008.05.31"]
[EventType "team-swiss"]
[EventRounds "7"]
[EventCountry "GER"]
[SourceTitle "EXT 2010"]
[Source "ChessBase"]
[SourceDate "2010.11.25"]
[SourceVersion "1"]
[SourceVersionDate "2010.11.25"]
[SourceQuality "1"]

1. e4 c5 2. Nf3 Nc6 3. d4 cxd4 4. Nxd4 Nf6 5. Nc3 e5 6. Nf3 Bb4 7. Bd2 Bxc3 8. Bxc3 Nxe4 9. Bxe5 Nxe5 10. Nxe5 Qa5+ 11. c3 Qxe5 12. Qe2 Qe7 13. g3 Nf6 14. Qxe7+ Kxe7 15. Bg2 Re8 16. 0-0 Kf8 17. Rad1 d5 18. Bxd5 Nxd5 19. Rxd5 Bh3 20. Rfd1 Re2 21. Rb1 Rae8 22. Rdd1 Rc2 23. Rdc1 Rxc1+ 24. Rxc1 Re2 25. f4 Rxb2 26. Rd1 Rxa2 27. Rd8+ Ke7 28. Rb8 Rg2+ 29. Kh1 Rb2 30. Kg1 a5 0-1

[Event "GER-chT WK U18 4th"]
[Site "Kiel"]
[Date "2008.05.31"]
[Round "3.2"]
[White "Stork, Leonard Christopher"]
[Black "Briese, Annika"]
[Result "1-0"]
[WhiteElo "1162"]
[BlackElo "1311"]
[PlyCount "55"]
[EventDate "2008.05.31"]
[EventType "team-swiss"]
[EventRounds "7"]
[EventCountry "GER"]
[SourceTitle "EXT 2010"]
[Source "ChessBase"]
[SourceDate "2010.11.25"]
[SourceVersion "1"]
[SourceVersionDate "2010.11.25"]
[SourceQuality "1"]

1. Nf3 Nf6 2. d4 e6 3. Bg5 d5 4. c4 Nbd7 5. Nc3 Be7 6. Bxf6 Nxf6 7. e3 c6 8. c5 Bd7 9. Bd3 Qc7 10. 0-0 b6 11. b4 0-0 12. Qe2 a5 13. cxb6 Qxb6 14. bxa5 Rxa5 15. Ng5 h6 16. Nf3 Bd6 17. e4 dxe4 18. Nxe4 Nxe4 19. Bxe4 c5 20. Rab1 Qa6 21. Rb2 cxd4 22. Nxd4 Be5 23. Nb3 Ba4 24. Rfb1 Bxb2 25. Qxb2 Rb8 26. Nxa5 Rxb2 27. Rxb2 Qxa5 28. Rb8+ 1-0

[Event "GER-ch U25 op"]
[Site "Willingen"]
[Date "2008.05.13"]
[Round "4"]
[White "Berger, Manuel"]
[Black "Briese, Annika"]
[Result "1-0"]
[WhiteElo "1541"]
[BlackElo "1289"]
[PlyCount "85"]
[EventDate "2008.05.11"]
[EventType "swiss"]
[EventRounds "9"]
[EventCountry "GER"]
[SourceTitle "CBM 124 Extra"]
[Source "ChessBase"]
[SourceDate "2008.07.03"]
[SourceVersion "1"]
[SourceVersionDate "2008.07.03"]
[SourceQuality "1"]

1. c4 e6 2. Nc3 d5 3. cxd5 exd5 4. d4 Bb4 5. g3 Ne7 6. Bg2 0-0 7. e3 Be6 8. Nge2 Nd7 9. 0-0 Nf6 10. a3 Bxc3 11. Nxc3 Qd7 12. b4 Bh3 13. Bb2 Bxg2 14. Kxg2 c6 15. Rc1 Qf5 16. Qf3 Qg6 17. Rfe1 Nf5 18. Kh1 Ng4 19. h3 Nf6 20. Rcd1 Rfe8 21. Kh2 Nd6 22. a4 Rac8 23. Re2 Nc4 24. g4 Nd7 25. Qf4 a6 26. Ba1 Qe6 27. e4 dxe4 28. Rxe4 Qg6 29. Rde1 Rxe4 30. Qxe4 Qxe4 31. Rxe4 Nf6 32. Re7 b5 33. Ra7 bxa4 34. Nxa4 Nd5 35. Bc3 Nc7 36. Kg2 f6 37. Kf3 Kf7 38. Nc5 Kg6 39. Na4 Kg5 40. Kg3 g6 41. Nc5 Nd5 42. Rxh7 Re8 43. h4# 1-0

[Event "GER North-chT U16"]
[Site "Magdeburg"]
[Date "2006.08.28"]
[Round "5.4"]
[White "Kuehne, Simon"]
[Black "Briese, Annika"]
[Result "1-0"]
[WhiteElo "748"]
[BlackElo "776"]
[PlyCount "33"]
[EventDate "2006.08.26"]
[EventType "team"]
[EventRounds "7"]
[EventCountry "GER"]
[SourceTitle "EXT 2007"]
[Source "ChessBase"]
[SourceDate "2006.11.23"]
[SourceVersion "1"]
[SourceVersionDate "2006.11.23"]
[SourceQuality "1"]

1. e4 e5 2. Nf3 Nc6 3. Bb5 Nf6 4. d3 Bd6 5. Nc3 a6 6. Bxc6 dxc6 7. d4 Bg4 8. dxe5 Bxe5 9. Qxd8+ Rxd8 10. Nxe5 Be6 11. 0-0 0-0 12. Bg5 b5 13. Nxc6 Rd6 14. Na5 Rb6 15. Be3 Rd6 16. e5 Rd7 17. exf6 1-0

[Event "GER North-chT U16"]
[Site "Magdeburg"]
[Date "2006.08.27"]
[Round "3.3"]
[White "Briese, Annika"]
[Black "Reichel, Benjamin"]
[Result "1/2-1/2"]
[WhiteElo "776"]
[BlackElo "916"]
[PlyCount "27"]
[EventDate "2006.08.26"]
[EventType "team"]
[EventRounds "7"]
[EventCountry "GER"]
[SourceTitle "EXT 2007"]
[Source "ChessBase"]
[SourceDate "2006.11.23"]
[SourceVersion "1"]
[SourceVersionDate "2006.11.23"]
[SourceQuality "1"]

1. e4 e5 2. Nf3 Nf6 3. Nc3 Nc6 4. Bb5 Bb4 5. 0-0 a6 6. Bxc6 bxc6 7. Re1 d6 8. d4 Bg4 9. dxe5 Bxc3 10. bxc3 Bxf3 11. Qxf3 dxe5 12. Rd1 Qe7 13. Bg5 0-0 14. Bxf6 1/2-1/2

[Event "GER North-chT U16"]
[Site "Magdeburg"]
[Date "2006.08.26"]
[Round "1.4"]
[White "Wenzke, Tim"]
[Black "Briese, Annika"]
[Result "1-0"]
[WhiteElo "1013"]
[BlackElo "776"]
[PlyCount "57"]
[EventDate "2006.08.26"]
[EventType "team"]
[EventRounds "7"]
[EventCountry "GER"]
[SourceTitle "EXT 2007"]
[Source "ChessBase"]
[SourceDate "2006.11.23"]
[SourceVersion "1"]
[SourceVersionDate "2006.11.23"]
[SourceQuality "1"]

1. d4 d5 2. c4 c6 3. Bf4 Bf5 4. e3 e6 5. Nf3 Bb4+ 6. Nbd2 Nf6 7. Bg5 Nbd7 8. Ne5 h6 9. Bh4 Qc7 10. Nef3 Ne4 11. Be2 Bg4 12. 0-0 Bxf3 13. Nxe4 Bxe2 14. Qxe2 dxe4 15. f3 Bd6 16. Qf2 0-0 17. fxe4 Bxh2+ 18. Kh1 Bd6 19. e5 Bb4 20. a3 Ba5 21. b4 Nb6 22. Qg3 Nxc4 23. Bf6 g6 24. Qh4 h5 25. Qg5 Kh7 26. Rf3 Qc8 27. Rh3 Rh8 28. Rxh5+ Kg8 29. Rxh8# 1-0